Uthejakaushadha prayogam: Sadharana tappingilum niyanthritha kamizhthivettilum (Record no. 72769)

MARC details
000 -LEADER
fixed length control field 00301nam a2200109Ia 4500
100 ## - MAIN ENTRY--AUTHOR NAME
Personal name Thomas K U
245 #0 - TITLE STATEMENT
Title Uthejakaushadha prayogam: Sadharana tappingilum niyanthritha kamizhthivettilum
260 ## - PUBLICATION, DISTRIBUTION, ETC. (IMPRINT)
Name of publisher Rubber
Year of publication 2006
300 ## - PHYSICAL DESCRIPTION
Number of Pages 14-16.
942 ## - ADDED ENTRY ELEMENTS (KOHA)
Koha item type Malayalam
Holdings
Withdrawn status Lost status Damaged status Not for loan Home library Current library Date acquired Serial Enumeration / chronology Koha item type
      Journals RRII Library RRII Library 29/12/2021 Volume 488, Issue Nov Malayalam